MDQL
is popping MORE tags! Check the
thread
!
Quizzes
Events
Quiz Creation
Community
Videos
Private Events
Remove Ads
Sign In
Join for FREE
Feedback
Dark Mode
Quiz Categories
Sports
Geography
Music
Movies
Television
Just For Fun
Miscellaneous
History
Literature
Language
Science
Gaming
Entertainment
Religion
Holiday
For Kids
Quiz Lab
Recent
Popular Today
Quiz Kudos Today
Editor Picks
Curator Picks
Quizzes by...
Day
Popularity
Type
Ratings
Length
Year
Community
Subscriptions
Recent Discussions
Orange Saloon
Badges
Playlists
Quests
Create
Leaderboards
Showdown
Live 5
Trivia Bingo
Activity
Puzzle Library
Sporcle Events
Private Events
Virtual Trivia
Globe League
Become a Host
Pub Owners
SporcleCon
Opinionation
Our Games
Videos
Blog
Mobile Apps
Partnerships
Remove Ads and Go Orange
Feedback
Miscellaneous
Crossword
General Knowledge
Baby Names
Logo
Food
Cars
Numbers
Grab Bag
University
College
Popular
Company
Slogans
Restaurants
Justice
Letter
Miscellaneous
Crossword
General Knowledge
Baby Names
Logo
Food
Cars
Numbers
Grab Bag
University
College
Popular
Company
Slogans
Restaurants
Justice
Letter
Random Quiz
Search Sporcle
×
Quiz Lab
Quiz Lab
Miscellaneous
Numbers
Type in answers that appear in a list
Type in answers that appear in a list
Classic
Best Score? Go Orange.
50 Most Loathsome People (2008) Stats
Can you name the Buffalo BEAST's 50 Most Loathsome People of 2008?
By
schnoxl
10m
50 Questions
598 Plays
598 Plays
598 Plays
Comments
Comments
Give Quiz Kudos
Give Quiz Kudos
-
- Ratings
hide this ad
Replay
Link that replays current quiz
Next Quiz
Link to next quiz in quiz playlist
You Got
0%
They Got
Avg Score
15%
Avg Friend Score
Upgrade to see
Score Distribution
Jump to the score distribution portion of the page
Score
0/50
Timer
10:00
0
Plays Today
Number
Person
% Correct
4
George W. Bush
82.7%
50
Barack Obama
64.2%
18
The Clintons
60%
7
Dick Cheney
58.6%
1
Sarah Palin
52.3%
2
John McCain
50.3%
20
Joe the Plumber
36.7%
11
Rush Limbaugh
33.8%
10
Bernie Madoff
24.8%
25
Eliot Spitzer
24.6%
43
You
24%
3
Sean Hannity
23.6%
5
Alan Greenspan
23.5%
17
Rod Blagojevich
20.3%
44
Brett Favre
18.3%
12
John Edwards
18.1%
39
Caroline Kennedy
17.8%
30
Antonin Scalia
17.1%
42
O.J. Simpson
14.7%
37
Keith Olbermann
11.6%
6
Hank Paulson
10.9%
35
Dina Lohan
10.9%
33
Jeremiah Wright
6.4%
13
Joe Lieberman
5.5%
31
Stephenie Meyer
5.5%
Number
Person
% Correct
19
Ted Stevens
4%
24
Plaxico Burress
4%
26
Tila Tequila
3.5%
47
Michele Bachmann
3.5%
22
PUMAs
3.4%
15
Kwame Kilpatrick
3.2%
41
Mark Penn
3.2%
16
Rick Warren
2.5%
21
Michelle Malkin
2.3%
32
Ben Stein
2.2%
8
David Addington
2%
34
Joe Scarborough
2%
29
Mary Matalin
1.3%
27
Peggy Noonan
1.2%
49
M. Night Shyamalan
1.2%
9
Phil Gramm
1%
14
Ashley Todd
1%
23
John Fund
1%
40
freecreditreport.com guy
1%
45
Nancy Pfotenhauer
1%
48
Barry McCaffrey
0.8%
38
John Updike
0.7%
28
Frank Caliendo
0.3%
46
Thomas S. Monson
0.3%
36
Ron Fournier
0.2%
Quiz Playlist
Details
Report
Send in Message
Add To Playlist
Classic:
Type in answers that appear in a list
Quiz Source
Last Updated: Feb 16, 2017
Quiz Scoreboard
CHALLENGE
Sign Up to Join the Scoreboard
Show All
Scores
Hide
Comments
May contain spoilers
Recently Published
1-10 Letter E Words III
by El_Dandy
Language
2m
Street Fighter Characters
by Artimus82
Gaming
60s
College Basketball Coaching Resumes
by pancakes188
Sports
9m
More to Explore
Quiz From the Vault
Featured Blog Post
Where Did the Easter Bunny Come From?
hide this ad
You Might Also Like...
Tags
Numbers Quiz
2008
50 Most
beast
buffalo
occupation
Person
Today's Top Quizzes in Miscellaneous
Browse Miscellaneous
hide this ad
Today's Top Quizzes in Numbers
Browse Numbers
Top Contributed Quizzes in Miscellaneous
1
5-to-1: Fast Food
2
The JOE quick-fire general knowledge quiz: Day 174
3
The JOE quick-fire general knowledge quiz: Day 173
4
5-to-1: Cocktails
5
The JOE quick-fire general knowledge quiz: Day 172
6
9x9 Crossword: Disney Movie Titles
7
9x9 Crossword: Charlie and the Chocolate Factory
8
Sunday Crossword: Famous Bodies of Water
9
The JOE quick-fire general knowledge quiz: Day 171
10
9x9 Crossword: Flags
Explore More
Trending Topics
Kpop
Harry Potter
Anime
Crossword
Disney
NBA
Marvel
The Office
Song
Country
WWE
Pokémon
NFL
Puzzle
Soccer
hide this ad
More By:
schnoxl
Quiz
Plays
Rating
Category
Featured
Created
Rare Baseball Feats
25,473
4.41
Sports
Oct 26, 2009
Sparty, No!
8,298
4.37
Sports
Oct 6, 2010
Michigan Football Opponents
4,970
4.59
Sports
Oct 16, 2009
NFL/NCAA Common Team Names
4,041
4.14
Sports
Oct 3, 2009
Historical Final Fours
3,047
4.23
History
Apr 3, 2010
Go to Creator's Profile
Score Distribution
Quiz Creator Spotlight
schnoxl
Follow
Send a Message
Quizzes Created
-
Created Quiz Play Count
-
More By This Creator
Popular Quizzes Today
1
Find the US States - No Outlines Minefield
2
Find the Countries of Europe - No Outlines Minefield
3
The Countries of the World
4
Find the US States
5
Risky Map Clicking: Biggest States A-Z
6
US States
7
Popular People in 1961
8
Movies - When Are They Set?
More Miscellaneous Quizzes
Missing Middles Medley: A
Published
Trending Quizzes
Risky Map Clicking: Least Populous States A-Z
Billboard Blitz: Aretha Franklin
1-10 Letter G Words
Countries of the World: 200 Million BC
1-10 Letter F Words
Recently Updated
Leaping Animals
pecheneg
Reality TV Shows (A-Z)
bhenderson79
Rickey Henderson's Hall of Fame Teammates
pecheneg
Champions League XIs: Arsenal
pecheneg
Quick Pick: Celebrities in WWE's Hall of Fame
aduchscher
A-Z Keypad Blitz II
pecheneg
Multiple Oscar Actors
pecheneg
Mystery Phrase Blitz: Oscar 'Best Actors'
pecheneg
F. Scott Fitzgerald Novels
LTH
Pick 3 Villains
ddd62291
Trending Topics
Harry Potter
NBA
Kpop
Crossword
Marvel
Disney
Anime
WWE
Country
Soccer
Puzzle
Pokémon
NFL
Song
The Office
Your Account Isn't Verified!
In order to create a playlist on Sporcle, you need to verify the email address you used during registration. Go to your
Sporcle Settings
to finish the process.
Report this User
Report this user for behavior that violates our
Community Guidelines
.
Details:
Send Report
Go to the Sporcle.com Mobile Site →
Comments